00339nam a2200133Ia 450000500170000000800410001702000180005808200230007610000180009924500390011726000320015630000080018844000090019620241115085752.0240126s9999 xx 000 0 und d a9781780237336 a641.3809 LON;1 R aLong, Lucy M. 0aHoney : a global history (edible) bReaktion BookaLondonc2017 a184 aNULL